Agronomía de la cero labranza

Uloženo v:
Podrobná bibliografie
Hlavní autoři: Acevedo Hinojosa, Edmundo (Autor), Silva Candia, Paola del Carmen (Autor)
Médium: Kniha
Jazyk:španělština
Vydáno: Santiago Universidad de Chile 2003
Edice:Serie Ciencias Agronómicas, 10
Témata:
Tagy: Přidat tag
Žádné tagy, Buďte první, kdo vytvoří štítek k tomuto záznamu!

MARC

LEADER 00000nam a2200000 a 4500
001 UCL7121
003 CL-VaPUC
008 040507e20030000CL |||||||||||||||||spa|d
020 |a 9561903636 
082 0 4 |a 631.5814  |b ACE  |2 21 
100 0 |a Acevedo Hinojosa, Edmundo  |e author  |9 484895 
700 0 |a Silva Candia, Paola del Carmen  |e author  |9 484896 
245 1 0 |a Agronomía de la cero labranza 
300 |a 132 p 
942 |c BK 
945 |d 20040507 00:00:00  |a cmena 
260 |a Santiago  |b Universidad de Chile  |c 2003 
650 7 |a CERO LABRANZA  |2 CL-VaPUC  |9 467723 
650 7 |a METODOS DE CULTIVO  |2 CL-VaPUC  |9 467724 
650 7 |a RESIDUOS DE CULTIVOS  |2 CL-VaPUC  |9 465325 
650 0 |a Propiedades del suelo  |9 350106 
583 |a last modification  |c 20040507 00:00:00  |k Rodrigo Vera 
490 0 |a Serie Ciencias Agronómicas, 10 
999 |c 308977  |d 308975 
952 |0 0  |1 0  |4 0  |6 631_581400000000000_ACE_2003  |7 0  |8 A  |9 375991  |a BIBAGR  |b BIBAGR  |d 2019-11-21  |i 4014030  |o 631.5814 ACE 2003  |p 4014030  |r 2025-01-20  |w 2019-11-21  |y BK  |k AGR 
952 |0 0  |1 0  |4 0  |6 631_581400000000000_ACE_2003  |7 0  |8 A  |9 375992  |a BIBAGR  |b BIBAGR  |d 2019-11-21  |i 4530527  |o 631.5814 ACE 2003  |p 4530527  |r 2025-01-20  |w 2019-11-21  |y BK  |k AGR 
952 |0 0  |1 0  |4 0  |6 631_581400000000000_ACE_2003  |7 0  |8 A  |9 375993  |a BIBAGR  |b BIBAGR  |d 2019-11-21  |i 4684125  |o 631.5814 ACE 2003  |p 4684125  |r 2025-01-20  |w 2019-11-21  |y BK  |k AGR